| 000 | 00613nam a2200217 a 4500 | ||
|---|---|---|---|
| 005 | 20210219153355.0 | ||
| 008 | 991125n 000 0 u | ||
| 035 | _aUPN01000094861 | ||
| 100 | _aBye, Lynn | ||
| 222 | _aPSYCHOLOGY IN THE SCHOOLS | ||
| 245 | _aA proposed model for the acquisition of social knowledge and social competence | ||
| 300 | _a143-161 | ||
| 362 | _a30, No. 2, 1993 | ||
| 505 | _aNoviembre 1993 | ||
| 653 | 0 | _aCAPACIDAD INTERPERSONAL | |
| 653 | 0 | _aCONOCIMIENTO SOCIAL | |
| 653 | 0 | _aNIVEL DE CONOCIMIENTOS | |
| 700 | _aJussim, Lee | ||
| 904 |
_aAC _b032672 |
||
| 905 | _aArticulo | ||
| 999 |
_c75230 _d75230 |
||